5HLuxD.jpg

KING HENRY VIII SENIOR AND PRIMARY SCHOOL LIBRARY OPAC

33 minutes / (Record no. 3356)

000 -LEADER
fixed length control field 00717nam a22002057a 4500
005 - DATE AND TIME OF LATEST TRANSACTION
control field 20231120111624.0
008 - FIXED-LENGTH DATA ELEMENTS--GENERAL INFORMATION
fixed length control field 231120b ||||| |||| 00| 0 eng d
020 ## - INTERNATIONAL STANDARD BOOK NUMBER
International Standard Book Number 9781481489959
040 ## - CATALOGING SOURCE
Transcribing agency KH8
082 ## - DEWEY DECIMAL CLASSIFICATION NUMBER
Classification number FIC HAS
100 ## - MAIN ENTRY--PERSONAL NAME
Personal name Hasak-Lowy, Todd,
Dates associated with a name 1969-
Relator term Author
245 ## - TITLE STATEMENT
Title 33 minutes /
Statement of responsibility, etc. Todd Hasak-Lowy
260 ## - PUBLICATION, DISTRIBUTION, ETC.
Place of publication, distribution, etc. New York,
Name of publisher, distributor, etc. Aladdin Paperbacks,
Date of publication, distribution, etc. 2013
300 ## - PHYSICAL DESCRIPTION
Extent 210 pages ;
Dimensions 20 cm.
520 ## - SUMMARY, ETC.
Summary, etc. An epic lunch period leads to a fateful showdown as small, skinny seventh-grader Sam's former best friend--now a popular athlete--promises to beat Sam up at recess in exactly thirty-three minutes
650 ## - SUBJECT ADDED ENTRY--TOPICAL TERM
Topical term or geographic name entry element Fiction
650 ## - SUBJECT ADDED ENTRY--TOPICAL TERM
Topical term or geographic name entry element Friendship
650 ## - SUBJECT ADDED ENTRY--TOPICAL TERM
Topical term or geographic name entry element Juvenile works
942 ## - ADDED ENTRY ELEMENTS (KOHA)
Source of classification or shelving scheme
Koha item type Books - Fiction
Holdings
Withdrawn status Lost status Source of classification or shelving scheme Damaged status Not for loan Collection code Permanent Location Current Location Shelving location Date acquired Full call number Barcode Date last seen Price effective from Koha item type
          Fiction KH8 Primary School Library KH8 Primary School Library Fiction 2023-11-20 FIC HAS KHPL000004353 2025-12-05 2023-11-20 Books - Fiction

Powered By KH8 IT Dept